000 01000nam a2200265Ia 4500
003 OSt
005 20221005111402.0
006 a|||||r|||| 00| 0
007 ta
008 221004b |||||||| |||| 00| 0 hin d
020 _a9789350004944 (hbk)
_c350
024 _a7075
037 _b91, 05/09/2013, Vani Prakashan
_cTextual
040 _aCRL
_cCRL
_bhin
041 _2hin
_ahin
082 _aO111,1M19x, 152Q1
100 _aचंद्रबली सिंह
245 0 _aवाल्ट हिटमन घास की पत्तियॉं
_b संचयन
246 _aVālṭa hiṭaman ghās kī pattiyaॉan: sanchayana
260 _aनई दिल्ली
_bवाणी प्रकाशन भारत
_c2011
300 _a276पृ0
_ccm.
650 _aहिन्दी साहित्य
942 _hO111,1M19x, 152Q1
_cTEXL
_2cc
999 _c1021682
_d1021682